Movies Quiz

Random Movies or Christmas Quiz

Five Decade Movie Medley XI Quiz Stats

 Plays Quiz Updated Apr 30, 2020

     
Support Sporcle.
Go Orange.
Score 0/25 Timer 07:00
2 Plays Today
Hint Answer % Correct
1990s X-MasHome Alone
98.1%
1980s New York CityGhostbusters
93%
Black Swan
91.8%
Willy Wonka & the Chocolate Factory
90.3%
Wonder Woman
90.3%
The Nightmare Before Christmas
88.1%
Big
83.9%
Monty Python and the Holy Grail
80%
The Santa Clause
77.1%
I Am Legend
76.7%
2000s Post-Apocalypse Shaun of the Dead
73.7%
Zootopia
67.4%
Wall Street
66.7%
Hint Answer % Correct
Zombieland
65.2%
2010s Powerful Lead LadyMad Max: Fury Road
63.7%
Jingle All the Way
61%
28 Days Later
58.7%
The Muppet Christmas Carol
52.3%
Children of Men
43.1%
Do the Right Thing
37.6%
Harold and Maude
31.7%
1970s AbsurdismBlazing Saddles
28.8%
Hannah and Her Sisters
20.4%
Eraserhead
15.3%
Under the Skin
14.4%

From the Vault

US Declares War Minefield

by randomperson2864

History 2m
Apparently declaring war is more than just saying 'War' in an authoritative voice.
Remove Ads.
Support Sporcle.
Get the best of Sporcle when you Go Orange. This ad-free experience offers more features, more stats, and more fun while also helping to support Sporcle. Thank you for becoming a member.

Show Comments

Extras

Top Quizzes Today


Score Distribution

Your Account Isn't Verified!

In order to create a playlist on Sporcle, you need to verify the email address you used during registration. Go to your Sporcle Settings to finish the process.

Report this User

Report this user for behavior that violates our Community Guidelines.

Details: